Agrarnye tradit︠s︡ii i novat︠s︡ii v doreformennoĭ Rossii : t︠s︡entralʹno-nechernozemnye gubernii /

Аграрные традиции и новации в дореформенной России : центрально-нечерноземные губернии /
Bibliographic Details
Main Author: Kozlov, S. A. (Sergeĭ Aleksandrovich)
Other Authors: Semenova, A. V. (Anna Vladimirovna)
Format: Book
Language:Russian
Language Notes:Summary in English.
Published: Moskva : ROSSPĖN, 2002.
Series:Serii︠a︡ Ėkonomicheskai︠a︡ istorii︠a︡--dokumenty, issledovanii︠a︡, perevody.
Subjects:

MARC

Tag First Indicator Second Indicator Subfields
LEADER 00000cam a2200000 a 4500
001 in00002174113
005 20151104060714.0
008 020410s2002 ru af b 001 0 rusoc
020 |a 582430243X 
035 |a (OCoLC)ocm49836982 
040 |a COO  |c COO  |d TXA  |d UtOrBLW 
041 0 |a rus  |b eng 
042 |a pcc 
043 |a e-ru--- 
049 |a TXAM 
050 4 |a HN530.N65  |b K69 2002 
100 1 |6 880-01  |a Kozlov, S. A.  |q (Sergeĭ Aleksandrovich) 
245 1 0 |6 880-02  |a Agrarnye tradit︠s︡ii i novat︠s︡ii v doreformennoĭ Rossii :  |b t︠s︡entralʹno-nechernozemnye gubernii /  |c S.A. Kozlov ; [otv. redaktor A.V. Semenova]. 
264 1 |6 880-03  |a Moskva :  |b ROSSPĖN,  |c 2002. 
300 |a 557 pages, 8 unnumbered pages of plates :  |b illustrations ;  |c 22 cm. 
336 |a text  |b txt  |2 rdacontent 
337 |a unmediated  |b n  |2 rdamedia 
338 |a volume  |b nc  |2 rdacarrier 
490 1 |6 880-04  |a Serii︠a︡ Ėkonomicheskai︠a︡ istorii︠a︡--dokumenty, issledovanii︠a︡, perevody 
500 |a At head of title: Rossiĭskai︠a︡ akademii︠a︡ nauk. Institut rossiĭskoĭ istorii. 
504 |a Includes bibliographical references and index. 
536 |a From the Estate of George and Mathilda Sabo by Dr. Joseph R. Corcoran & Irene Sabo Corcoran and Family. September 1998. 
546 |a Summary in English. 
650 0 |a Agricultural innovations  |z Russia (Federation)  |z Non-Chernozem Region. 
650 0 |a Agriculture  |z Russia  |x History  |y 18th century. 
650 0 |a Agriculture  |z Russia  |x History  |y 19th century. 
651 0 |a Non-Chernozem Region (Russia)  |x Rural conditions. 
650 0 |a Peasants  |z Russia (Federation)  |z Non-Chernozem Region  |x History  |y 18th century. 
650 0 |a Peasants  |z Russia (Federation)  |z Non-Chernozem Region  |x History  |y 19th century. 
700 1 |6 880-05  |a Semenova, A. V.  |q (Anna Vladimirovna) 
830 0 |6 880-04  |a Serii︠a︡ Ėkonomicheskai︠a︡ istorii︠a︡--dokumenty, issledovanii︠a︡, perevody. 
880 1 |6 100-01  |a Козлов, С. А.  |q (Сергей Александрович) 
880 1 0 |6 245-02  |a Аграрные традиции и новации в дореформенной России :  |b центрально-нечерноземные губернии /  |c С.А. Козлов ; [отв. редактор А.В. Семенова]. 
880 |6 264-03  |a Москва :  |b РОССПЭН,  |c 2002. 
880 0 |6 440-04  |a Серия Экономическая история--документы, исследования, переводы 
880 1 |6 700-05  |a Семенова, А. В.  |q (Анна Владимировна) 
948 |a cataloged  |b h  |c 2006/7/12  |d c  |e tchubaryan  |f 2:07:49 pm 
994 |a C0  |b TXA 
999 |a MARS 
999 f f |s 1b3d137e-961f-3451-8d1d-cf815d4a9ae5  |i dcc8fee0-cf82-3416-993c-9a533e71eb8f  |t 0 
952 f f |p ric  |a Texas A&M University  |b Rellis Campus  |c Joint Library Facility  |d Remote Storage  |t 0  |e HN530.N65 K69 2002  |h Library of Congress classification  |i unmediated -- volume  |m A14834594436 
998 f f |a HN530.N65 K69 2002  |t 0  |l Remote Storage